载入...

Comparative politics : theory and methods /

书目详细资料
主要作者: Peters, Guy B.
格式: Printed Book
出版: New York : Palgrave, 1998.
主题:
LEADER 00496nam a22001457a 4500
020 |a 0333660188 
082 |a 320.3  |b PET.C 
100 |a Peters, Guy B. 
245 |a Comparative politics :  |b theory and methods /  |c by B Guy Peters. 
260 |a New York :  |b Palgrave,  |c 1998. 
300 |a 262 p. 
650 |a comparative politics 
942 |c BK 
999 |c 303296  |d 303296 
952 |0 0  |1 0  |4 0  |6 320_300000000000000_PET_C  |7 0  |8 NFIC  |9 323835  |a POL  |b POL  |c GEN  |d 2020-10-13  |l 0  |o 320.3 PET.C  |p POL16920  |r 2020-10-13  |w 2020-10-13  |y BK